|
|
|
|
| LEADER |
00000nam a2200000 a 4500 |
| 001 |
vtls001289203 |
| 003 |
SK-MaSNL |
| 005 |
20260301234933.0 |
| 008 |
240315s1974 RO 0 rum |
| 035 |
|
|
|a SNK000240820
|
| 040 |
|
|
|a SNK
|b slo
|c SNK
|e AACR2
|
| 044 |
|
|
|a RO
|
| 100 |
1 |
|
|a Biberi, Ion
|4 aut
|9 382855
|
| 245 |
1 |
|
|a Ion Salva
|c Ion Biberi ; Fot. alb-negru: I. Petcu
|
| 260 |
|
|
|a Bucuresti
|b Meridiane
|c 1974
|
| 300 |
|
|
|a 18 s., ďalšie nestr.
|c 8°
|
| 700 |
1 |
|
|a Petcu, I.
|4 pht
|9 631551
|
| 958 |
|
|
|a OND
|
| 999 |
|
|
|c 972571
|d 974501
|
| 952 |
|
|
|t P60, <04>, [BOOK], {604}
|a SNK
|b SNK
|y VYP
|7 0
|o snkID 63868
|0 0
|1 0
|4 0
|d 1997-06-03
|l 0
|r 2005-01-02 00:00:00
|w 2026-02-24
|